000 00678nam a2200229 u 4500
005 20240228063641.0
008 111031s2005 r 000 0 eng d
020 _a8426359175
035 _aUPN01000182381
049 _aI
050 4 _aPQ6722 A5.7
_bQ4.7
100 1 _aVantal, Anne,
_d1956-
245 1 0 _aQuerida Theo /
_cAnne Vantal ; il. Gabriel hernández Walta ; tr. Elena del Amo.
260 _aZaragoza, Esp. :
_bEdelvives,
_cc2005.
300 _a65 p. :
_bil.
440 0 _aAla delta ;
_v48.
_pVerde
650 4 _aLiteratura infantil española
_95892
650 0 _aRelación padres-hijos
_91359
905 _aInfantil
999 _c154484
_d154484